| 000 | 01520cam a22003974a 4500 | ||
|---|---|---|---|
| 999 |
_c4340 _d4340 |
||
| 001 | 13004735 | ||
| 003 | OSt | ||
| 005 | 20220322122708.0 | ||
| 008 | 021118s2003 nyua b 001 0 eng | ||
| 010 | _a 2002043249 | ||
| 020 | _a0071406395 (pbk. : alk. paper) | ||
| 035 | _a(DNLM)101159813 | ||
| 040 |
_aDNLM/DLC _cALUPE UNIVERSITY _dDLC |
||
| 042 | _apcc | ||
| 043 | _an-us--- | ||
| 050 | 0 | 0 |
_aRT82 _b.J63 2003 |
| 060 | 1 | 0 |
_aWY 16 _bJ64k 2003 |
| 082 | 0 | 0 |
_a610.73 _221 |
| 100 | 1 | _aJoel, Lucille A. | |
| 245 | 1 | 0 |
_aKelly's Dimensions of professional nursing / _cLucille A. Joel. |
| 246 | 3 | 0 | _aDimensions of professional nursing |
| 250 | _a9th ed. | ||
| 260 |
_aNew York : _bMcGraw-Hill, Medical Pub. Division, _cc2003. |
||
| 300 |
_aix, 759 p. : _bill. ; _c24 cm. |
||
| 500 | _aRev. ed. of: Dimensions of professional nursing / Lucie Young Kelly. 8th ed. 1999. | ||
| 504 | _aIncludes bibliographical references and index. | ||
| 650 | 0 | _aNursing. | |
| 650 | 0 |
_aNursing _zUnited States. |
|
| 650 | 1 | 2 | _aNursing. |
| 700 | 1 |
_aKelly, Lucie Young. _tDimensions of professional nursing. |
|
| 856 | 4 | 2 |
_3Publisher description _uhttp://www.loc.gov/catdir/description/mh031/2002043249.html |
| 856 | 4 | 2 |
_3Contributor biographical information _uhttp://www.loc.gov/catdir/enhancements/fy0705/2002043249-b.html |
| 906 |
_a7 _bcbc _corignew _d1 _eocip _f20 _gy-gencatlg |
||
| 942 |
_2lcc _cBK _nJO |
||